[Event "DOM-ch (Women)"]
[Site "Santo Domingo"]
[Date "2016.04.02"]
[Round "7"]
[White "Almanzar Vasquez, Jennifer Maria"]
[Black "Quiroz Farias, Yelibeth"]
[Result "1-0"]
[WhiteElo "1748"]
[BlackElo "1743"]
[PlyCount "95"]
[EventDate "2016.03.18"]
[EventType "swiss"]
[EventRounds "8"]
[EventCountry "DOM"]
[SourceTitle "CBM 171 Extra"]
[Source "ChessBase"]
[SourceDate "2016.04.26"]
[SourceVersion "1"]
[SourceVersionDate "2016.04.26"]
[SourceQuality "1"]

1. e4 e5 2. Nf3 Nc6 3. Bb5 d6 4. 0-0 Nf6 5. Nc3 Be7 6. d4 exd4 7. Nxd4 Bd7 8. Nxc6 bxc6 9. Ba4 0-0 10. h3 Re8 11. Re1 h6 12. e5 dxe5 13. Rxe5 Bd6 14. Rxe8+ Qxe8 15. Be3 Nd5 16. Nxd5 cxd5 17. Bb3 c6 18. c4 Qe5 19. Kf1 dxc4 20. Bxc4 Qxb2 21. Rb1 Qe5 22. Qf3 Be6 23. Bxe6 Qxe6 24. Qxc6 Rc8 25. Qa4 Qf5 26. Rd1 Bc5 27. Qd7 Qxd7 28. Rxd7 Bxe3 29. fxe3 Rc1+ 30. Ke2 Rc2+ 31. Rd2 Rxd2+ 32. Kxd2 Kf8 33. Kc3 Ke7 34. Kc4 Kd6 35. Kb5 Kc7 36. a4 f5 37. g4 g6 38. gxf5 gxf5 39. Kc5 h5 40. Kd5 Kb6 41. Ke5 Ka5 42. Kxf5 Kxa4 43. e4 Kb3 44. e5 a5 45. e6 a4 46. e7 a3 47. e8Q a2 48. Qe5 1-0

[Event "DOM-ch (Women)"]
[Site "Santo Domingo"]
[Date "2016.03.19"]
[Round "3"]
[White "Munoz Santana, Doribel"]
[Black "Quiroz Farias, Yelibeth"]
[Result "1-0"]
[WhiteElo "1897"]
[BlackElo "1743"]
[PlyCount "79"]
[EventDate "2016.03.18"]
[EventType "swiss"]
[EventRounds "8"]
[EventCountry "DOM"]
[SourceTitle "CBM 171 Extra"]
[Source "ChessBase"]
[SourceDate "2016.04.26"]
[SourceVersion "1"]
[SourceVersionDate "2016.04.26"]
[SourceQuality "1"]

1. d4 d5 2. g3 Nf6 3. Bg2 e6 4. Nf3 Be7 5. 0-0 0-0 6. b3 c5 7. e3 Nc6 8. Bb2 Bd7 9. Nbd2 Rc8 10. a3 cxd4 11. exd4 Bd6 12. Ne5 Qc7 13. Nxd7 Nxd7 14. c4 dxc4 15. Nxc4 Nf6 16. Rc1 Qe7 17. b4 a6 18. Re1 Bb8 19. Nb6 Rc7 20. d5 Rd8 21. Qb3 Na7 22. Rcd1 Kf8 23. Be5 Nb5 24. Bxc7 Qxc7 25. Na4 e5 26. Nc5 Nd4 27. Qa2 Ba7 28. d6 Rxd6 29. Nxb7 Rd7 30. Rc1 Qb8 31. Nc5 Bxc5 32. Rxc5 Re7 33. Qc4 Qd6 34. Rc8+ Ne8 35. Rd1 Qd7 36. Ra8 Qa4 37. Rd3 Rc7 38. Qxc7 Qb5 39. Qd6+ Kg8 40. Qe7 1-0

[Event "DOM-ch (Women)"]
[Site "Santo Domingo"]
[Date "2016.03.19"]
[Round "2"]
[White "Quiroz Farias, Yelibeth"]
[Black "Joaquin Salcedo, Candida"]
[Result "1-0"]
[WhiteElo "1743"]
[BlackElo "1644"]
[PlyCount "83"]
[EventDate "2016.03.18"]
[EventType "swiss"]
[EventRounds "8"]
[EventCountry "DOM"]
[SourceTitle "CBM 171 Extra"]
[Source "ChessBase"]
[SourceDate "2016.04.26"]
[SourceVersion "1"]
[SourceVersionDate "2016.04.26"]
[SourceQuality "1"]

1. e4 e6 2. Nf3 c5 3. Nc3 a6 4. a4 Nc6 5. Bc4 Qc7 6. d3 Nf6 7. Be3 Be7 8. Qd2 0-0 9. 0-0 d6 10. h3 Bd7 11. Nh2 Ne5 12. Ba2 Bc6 13. f4 Ng6 14. f5 exf5 15. Rxf5 Rac8 16. Raf1 Rfd8 17. Ng4 b5 18. Bg5 Nxg4 19. Bxf7+ Kh8 20. hxg4 Ne5 21. Qf4 Bd7 22. Bxe7 Bxf5 23. Bxd8 Qxf7 24. Qxf5 Qxf5 25. gxf5 b4 26. Nd5 Rxd8 27. Rf4 Rb8 28. Rh4 b3 29. cxb3 Nxd3 30. Nc7 a5 31. Nb5 Rd8 32. g4 d5 33. g5 dxe4 34. Rxe4 Nxb2 35. Nd6 Kg8 36. Nb7 Rd1+ 37. Kf2 Rd2+ 38. Ke3 Rd3+ 39. Ke2 h5 40. g6 Kf8 41. Nxc5 Rc3 42. Nd7+ 1-0

[Event "DOM-ch (Women)"]
[Site "Santo Domingo"]
[Date "2016.03.18"]
[Round "1"]
[White "Reyes Bello, Daneiris"]
[Black "Quiroz Farias, Yelibeth"]
[Result "0-1"]
[WhiteElo "1473"]
[BlackElo "1743"]
[PlyCount "30"]
[EventDate "2016.03.18"]
[EventType "swiss"]
[EventRounds "8"]
[EventCountry "DOM"]
[SourceTitle "CBM 171 Extra"]
[Source "ChessBase"]
[SourceDate "2016.04.26"]
[SourceVersion "1"]
[SourceVersionDate "2016.04.26"]
[SourceQuality "1"]

1. d4 d5 2. Nf3 c5 3. c3 e6 4. Bf4 Nf6 5. h3 Nc6 6. e3 Qb6 7. Qc2 cxd4 8. exd4 Bd7 9. Bd3 Rc8 10. 0-0 Nb4 11. Qe2 Nxd3 12. Qxd3 Qxb2 13. Nbd2 Rxc3 14. Rfb1 Qxa1 15. Rxa1 Rxd3 0-1

[Event "DOM-ch (Women)"]
[Site "Santo Domingo"]
[Date "2015.06.06"]
[Round "3"]
[White "Quiroz Farias, Yelibeth"]
[Black "Paulino Hidalgo, Genesis"]
[Result "1-0"]
[WhiteElo "1755"]
[BlackElo "1712"]
[PlyCount "121"]
[EventDate "2015.06.05"]
[EventType "swiss"]
[EventRounds "6"]
[EventCountry "DOM"]
[SourceTitle "CBM 167 Extra"]
[Source "ChessBase"]
[SourceDate "2015.09.14"]
[SourceVersion "1"]
[SourceVersionDate "2015.09.14"]
[SourceQuality "1"]

1. d4 e6 2. g3 g6 3. Bg2 Bg7 4. Nf3 d5 5. Nbd2 Nf6 6. Nf1 0-0 7. Ne3 Nc6 8. 0-0 a6 9. c3 Re8 10. Nc2 e5 11. Bg5 e4 12. Ne5 Qd6 13. Nxc6 Qxc6 14. Qd2 Bf5 15. Bh6 Qd6 16. Bxg7 Kxg7 17. Ne3 Qe6 18. Rfe1 Ng4 19. b3 b5 20. f3 Nxe3 21. Qxe3 Bh3 22. Qf2 Bxg2 23. Kxg2 e3 24. Qf1 Qf5 25. f4 Qe4+ 26. Qf3 Qxf3+ 27. exf3 Re6 28. Re2 Rae8 29. Rae1 Kf6 30. g4 h5 31. h4 c6 32. Kg3 R6e7 33. a3 Kg7 34. b4 f5 35. g5 Re6 36. Ra1 Kf7 37. a4 Ke7 38. axb5 cxb5 39. Kg2 Kd7 40. Kf1 Kc7 41. Ke1 Kb6 42. Kd1 Ra8 43. Ra5 Re7 44. Kc2 Rc8 45. Kd3 Kb7 46. Ra3 Kb6 47. Rxe3 Rxe3+ 48. Kxe3 Rc4 49. Kd3 Kb7 50. Ra2 Kb6 51. Re2 Rc6 52. Re5 Rd6 53. Kc2 a5 54. bxa5+ Kxa5 55. Kb3 Kb6 56. Re8 Kc6 57. Rc8+ Kd7 58. Rc5 Re6 59. Rxd5+ Kc6 60. Rc5+ Kd6 61. Re5 1-0

[Event "DOM-ch (Women)"]
[Site "Santo Domingo"]
[Date "2015.03.14"]
[Round "6"]
[White "Quiroz Farias, Yelibeth"]
[Black "Adames Rojas, Ariella"]
[Result "1-0"]
[WhiteElo "1755"]
[BlackElo "1750"]
[PlyCount "109"]
[EventDate "2015.03.06"]
[EventType "swiss"]
[EventRounds "8"]
[EventCountry "DOM"]
[SourceTitle "CBM 165 Extra"]
[Source "ChessBase"]
[SourceDate "2015.04.21"]
[SourceVersion "1"]
[SourceVersionDate "2015.04.21"]
[SourceQuality "1"]

1. e4 c5 2. Nf3 g6 3. d4 cxd4 4. Nxd4 Bg7 5. Be3 Nc6 6. c3 Nf6 7. Bd3 0-0 8. 0-0 d5 9. Nd2 Nxd4 10. Bxd4 Qc7 11. Bxf6 Bxf6 12. exd5 Rd8 13. Qf3 Rb8 14. Ne4 Bg7 15. Rad1 b5 16. Bc2 b4 17. Bb3 Qe5 18. Rfe1 bxc3 19. bxc3 Bf5 20. c4 Bxe4 21. Qxe4 Qxe4 22. Rxe4 Rd7 23. c5 Rbd8 24. c6 Rc7 25. Rde1 Kf8 26. g4 Bc3 27. R1e3 Bd2 28. Rf3 f6 29. h4 h6 30. Rd3 Bc1 31. Re1 Ba3 32. f4 Bc5+ 33. Kg2 Bd6 34. Kf3 Rcc8 35. Re6 Bb4 36. g5 hxg5 37. hxg5 Kf7 38. gxf6 exf6 39. d6 Rxc6 40. Re4+ Kf8 41. Rxb4 Rcxd6 42. Rxd6 Rxd6 43. Rb8+ Ke7 44. Ba4 Ke6 45. Rg8 Rd3+ 46. Kg4 Kf7 47. Ra8 f5+ 48. Kh4 Rf3 49. Rxa7+ Kf6 50. Bb3 Rxf4+ 51. Kg3 Kg5 52. Ra6 Rg4+ 53. Kf3 Kh4 54. Bf7 g5 55. Rh6# 1-0

[Event "DOM-ch (Women)"]
[Site "Santo Domingo"]
[Date "2015.03.07"]
[Round "2"]
[White "Quiroz Farias, Yelibeth"]
[Black "Bouret, Gissel"]
[Result "1-0"]
[WhiteElo "1755"]
[BlackElo "1810"]
[PlyCount "115"]
[EventDate "2015.03.06"]
[EventType "swiss"]
[EventRounds "8"]
[EventCountry "DOM"]
[SourceTitle "CBM 165 Extra"]
[Source "ChessBase"]
[SourceDate "2015.04.21"]
[SourceVersion "1"]
[SourceVersionDate "2015.04.21"]
[SourceQuality "1"]

1. e4 e6 2. Nf3 d5 3. exd5 exd5 4. d4 Bd6 5. Nc3 c6 6. Be3 Ne7 7. Bd3 Bf5 8. h3 0-0 9. Qd2 Qb6 10. 0-0 Bxd3 11. Qxd3 Ng6 12. Ne5 Qc7 13. Nxg6 fxg6 14. Ne2 Nd7 15. g3 Nf6 16. Bf4 Ne4 17. Bxd6 Qxd6 18. Kg2 Qd7 19. c4 Ng5 20. Nf4 Ne6 21. Nxe6 Qxe6 22. c5 Rf6 23. Qe3 Qd7 24. Rae1 Rf7 25. Re2 Raf8 26. f3 h6 27. Qe6 Qxe6 28. Rxe6 g5 29. Re3 b6 30. b4 bxc5 31. dxc5 Rb7 32. a3 Kf7 33. f4 gxf4 34. Rxf4+ Kg8 35. Rxf8+ Kxf8 36. Re6 Rc7 37. Rd6 Ke7 38. Kf3 a6 39. Ke3 Kf7 40. Kd4 Ke7 41. g4 Kf7 42. h4 Ke8 43. h5 Ke7 44. Ke5 Kf7 45. Kf5 Ke8 46. Kg6 Rd7 47. Kf5 Rf7+ 48. Ke5 Re7+ 49. Kd4 Rc7 50. Kc3 Ke7 51. Kb3 Rd7 52. Rxc6 d4 53. Kc2 Rd5 54. Rxa6 Rg5 55. Rg6 Rxg6 56. hxg6 Ke6 57. Kd3 Kd5 58. a4 1-0